000 01530naa a22003377a 4500
001 BR9214133
003 BR-BrBNA
005 20240918180813.0
007 ta
008 230509b bl.||||| |||| 00| 0 por d
040 _aBR-BrBNA
_bpor
_cBiblioteca Nacional de Agricultura
041 _a(Pt)
072 _aH10
_b0430
_b4020
090 _aH10 BR9214133
100 1 _aBusoli, A.C.
111 1 _a1. Reuniao Tecnica sobre Pragas do Algodoeiro com Destaque para o Bicudo
_cNavirai, MS (Brazil)
_d1-3 Aug 1990
245 1 _aPraticas culturais, reguladores de crescimento, controle quimico e feromonios no manejo integrado de pragas do algodoeiro
246 1 _aCultural pratices, growth regulators, chemical control and pheromones in cotton insect management
246 1 _aBoll weevil (Anthonomus grandis): integrated management
260 3 _aDourados, MS (Brasil):
_c1991.
500 _aDegrande, P.E.(ed.) Bicudo do algodoeiro: manejo integrado Dourados, MS (Brasil): 1991. p. 29-52 (BR9214133-AM)H10
650 _aAlgodao
650 _aBicudo
650 _aRegulador de Crescimento
650 _aPratica Cultural
650 _aControle Quimico
650 _aControle Integrado
773 0 _tBicudo do algodoeiro: manejo integrado
_aDegrande, P.E.(ed.). Universidade Federal de Mato Grosso do Sul, Dourados (Brasil); Unidade de Execucao de Pesquisa de Ambito Estadual de Dourados, MS (Brasil)
_wH10 BR9214133
_gDourados, MS (Brasil), 1991. p. 29-52
909 _a202404
_bLucia
_c55
_dLucia Elande
942 _cAM
_2AGRIS
999 _c322124
_d322124